[Event "GRE-ch U12"]
[Site "Patras"]
[Date "2021.08.31"]
[Round "2"]
[White "Kiryttopoulos, Panagiotis Aris"]
[Black "Kalaitzakis, Emmanouil"]
[Result "1-0"]
[WhiteElo "1206"]
[BlackElo "1160"]
[PlyCount "95"]
[EventDate "2021.08.30"]
[EventType "swiss"]
[EventRounds "9"]
[EventCountry "GRE"]
[SourceTitle "EXT 2022"]
[Source "ChessBase"]
[SourceDate "2021.10.06"]
[SourceVersion "1"]
[SourceVersionDate "2021.10.06"]
[SourceQuality "1"]

1. d4 d5 2. Nf3 Nf6 3. e3 e6 4. Bd3 Be7 5. Nbd2 Nbd7 6. 0-0 0-0 7. b3 c6 8. Bb2 Qc7 9. Ne5 Bd6 10. f4 c5 11. Rf3 cxd4 12. exd4 Qb6 13. Kh1 g6 14. Rh3 Nh5 15. Qg4 Ndf6 16. Qg5 Qd8 17. g4 Ng7 18. Qh6 Qe7 19. Rf1 Rd8 20. Ndf3 Kf8 21. g5 Nfh5 22. Qxh7 Ke8 23. Bb5+ Bd7 24. Qg8+ Qf8 25. Bxd7+ Rxd7 26. Qxf8+ Bxf8 27. Nxd7 Kxd7 28. Ne5+ Ke8 29. Rc3 Bd6 30. Rh3 Rc8 31. Rc3 Rd8 32. Ng4 Nf5 33. Nf6+ Nxf6 34. gxf6 Nxd4 35. Rh3 Nxc2 36. Rh8+ Kd7 37. Rxd8+ Kxd8 38. Be5 Bxe5 39. fxe5 Nb4 40. Re1 a6 41. Re3 Nxa2 42. Rh3 Nc1 43. Rh8+ Kd7 44. Rf8 d4 45. Rxf7+ Kd8 46. Rc7 d3 47. Rxc1 d2 48. Rd1 1-0